| 000 | 00539nam a2200193Ia 4500 | ||
|---|---|---|---|
| 003 | GCL | ||
| 008 | 140319s9999 xx 000 0 eng d | ||
| 040 |
_aGCL / _cGCL |
||
| 082 | 0 | 4 |
_a909 _bW T |
| 100 | 1 | _aWHITRAW, G.J | |
| 245 | 1 | 0 |
_aTIME IN HISTORY VIEWS OF TIME FROM PREHISTORY TO THE PRESENT DAY / _cWHITRAW, G.J |
| 260 |
_a[S.N] : _bOXFORD UNIVERSITY PRESS ، _c1989 |
||
| 300 | _a216 P | ||
| 650 | 0 | 4 | _aWORLD HISTORY |
| 650 | 0 | 4 | _aCHRONOLOGY |
| 650 | 0 | 4 | _aTIME - SOCIAL ASPECTS |
| 650 | 0 | 4 | _aTIME - PERCEPTION |
| 942 |
_2ddc _cBK |
||
| 999 |
_c16018 _d16018 |
||